| 000 | 00993nam a2200229Ia 4500 | ||
|---|---|---|---|
| 999 |
_c4471 _d4471 |
||
| 003 | OSt | ||
| 005 | 20200518144244.0 | ||
| 008 | 191128s2009 ck a br 000 j spa d | ||
| 020 | _a9789588334233 | ||
| 040 |
_aCO-JMCR _cCO-JMCR |
||
| 041 | _aspa | ||
| 082 | 0 | 4 |
_aC / _2PAUf |
| 100 | 1 |
_aPauli, Gunter, _d1956 _eautor _94481 |
|
| 245 | 1 | 0 |
_aFábulas de Gunter : _bvivienda / _cGunter Pauli |
| 250 | _aPrimera edición | ||
| 260 |
_aBogotá : _bFundación Hogares Juveniles Campesinos, _c2009 |
||
| 300 |
_a167 páginas : _bilustraciones a color ; _c28 cm. |
||
| 505 | _a¿Dónde está mi casa? -- Cultiva una casa -- ¿Por qué no me quieren? -- ¡No me dejes solo! -- ¡Rasca mi espalda! | ||
| 520 | _aEstas fábulas han sido diseñadas para exponer la ciencia a los niños. La ciencia exacta no propone una única verdad, sino que nos estimula a observar y a hacernospreguntas acerca de lo que no podemos entender o explicar. | ||
| 650 | 1 | 4 |
_aCuentos infantiles _94487 |
| 942 |
_2ddc _cBK |
||